000 00433 a2200181 4500
003 Nust
005 20230330114854.0
010 _a42014589
040 _cNust
082 _a823,BEL
100 _aBell, Neil,
_9107214
245 _aThe tower of darkness /
_cNeil Bell,
260 _aLondon,
_bCollins,
_c1942
300 _a256 p
_b20 cm
600 _aBell, Neil,
_9107214
650 _aa novel
_9107173
942 _2ddc
_cBK
_k823,BEL
999 _c186713
_d186713